000 00720nam a2200229Ia 4500
003 GCL
008 140319s9999 xx 000 0 ara d
040 _aGCL /
_cGCL
082 0 4 _a338.9
_bل ع
100 1 _aاحمد فؤاد بلبع
245 1 0 _aالعالم الثالث وتحديات البقاء (عالم المعرفة 104) /
_cاحمد فؤاد بلبع
700 1 _aلوب، جاك
300 _a397 ص
490 _aعالم المعرفة
_v0
650 0 4 _aالاقتصاد
650 0 4 _aالاحوال الاقتصادية
650 0 4 _aالتنمية الاقتصادية
650 0 4 _aالتجارة الخارجية
650 0 4 _aالطاقة
650 0 4 _aالتخلف
942 _2ddc
_cBK
999 _c51529
_d51529